000 00815nam a22002537a 4500
001 32589
003 UA-OsUOA
005 20230307131003.0
007 ta
008 20050207b un ||||| |||| 00| 0 ukr d
020 _a5-7707-9051-2
040 _aUA-OsUOA
_bukr
_cUA-OsUOA
_dUA-OsUOA
041 _aukr
044 _aUA
080 _a340.12(091)(075.8)
090 _a340.12(091)(075.8)
_bШ38
100 _aШевченко О. О.
245 _aІсторія держави і права зарубіжних країн
_bхрестоматія для студентів юрид. вузів та факультетів
_cО. О. Шевченко ; відп. ред. І. Д. Борис
260 _aКиїв
_bВентурі
_c1995
300 _a176 с.
650 7 _2UDC
942 _cBK
_2udc
955 _a0
999 _c319034
_d319034